[Event "Litomysl op 20th"]
[Site "Litomysl"]
[Date "2019.01.01"]
[Round "9"]
[White "Getmanchuk, Andrei V"]
[Black "Koziol, Kamil"]
[Result "1/2-1/2"]
[WhiteElo "2140"]
[BlackElo "2281"]
[PlyCount "27"]
[EventDate "2018.12.26"]
[EventType "swiss"]
[EventRounds "9"]
[EventCountry "CZE"]
[SourceTitle "CBM 188 Extra"]
[Source "ChessBase"]
[SourceDate "2019.02.26"]
[SourceVersion "1"]
[SourceVersionDate "2019.02.26"]
[SourceQuality "1"]

1. e4 c5 2. Nc3 a6 3. Nf3 b5 4. a3 Bb7 5. d3 e6 6. g3 d5 7. exd5 exd5 8. d4 Nf6 9. Bg2 c4 10. 0-0 Be7 11. Ne5 Nc6 12. f4 h5 13. h3 Qd6 14. Be3 1/2-1/2

[Event "Litomysl op 20th"]
[Site "Litomysl"]
[Date "2018.12.30"]
[Round "7"]
[White "Getmanchuk, Andrei V"]
[Black "Chetverik, Maxim"]
[Result "1/2-1/2"]
[WhiteElo "2140"]
[BlackElo "2209"]
[PlyCount "49"]
[EventDate "2018.12.26"]
[EventType "swiss"]
[EventRounds "9"]
[EventCountry "CZE"]
[SourceTitle "CBM 188 Extra"]
[Source "ChessBase"]
[SourceDate "2019.02.26"]
[SourceVersion "1"]
[SourceVersionDate "2019.02.26"]
[SourceQuality "1"]

1. Nf3 f5 2. d3 Nc6 3. e4 e5 4. Nc3 Bb4 5. Bg5 Nf6 6. exf5 d5 7. d4 exd4 8. Nxd4 0-0 9. a3 Bxc3+ 10. bxc3 Nxd4 11. cxd4 Bxf5 12. Be2 Qd6 13. 0-0 Ne4 14. Bh4 Nc3 15. Qd2 Nxe2+ 16. Qxe2 Qf4 17. Bg3 Qxd4 18. Qb5 Bxc2 19. Qxb7 Bd3 20. Rad1 c5 21. Bd6 c4 22. Kh1 h6 23. f4 Rae8 24. Rfe1 Rxe1+ 25. Rxe1 1/2-1/2

[Event "Litomysl op 20th"]
[Site "Litomysl"]
[Date "2018.12.27"]
[Round "3"]
[White "Getmanchuk, Andrei V"]
[Black "Dowgird, Filip"]
[Result "0-1"]
[WhiteElo "2140"]
[BlackElo "2236"]
[PlyCount "94"]
[EventDate "2018.12.26"]
[EventType "swiss"]
[EventRounds "9"]
[EventCountry "CZE"]
[SourceTitle "CBM 188 Extra"]
[Source "ChessBase"]
[SourceDate "2019.02.26"]
[SourceVersion "1"]
[SourceVersionDate "2019.02.26"]
[SourceQuality "1"]

1. c4 e5 2. Nc3 Nf6 3. e4 c6 4. Nf3 d6 5. d4 Nbd7 6. Be2 Be7 7. 0-0 0-0 8. h3 a6 9. Be3 Re8 10. dxe5 dxe5 11. a3 a5 12. Qc2 Qc7 13. Rfd1 a4 14. Bd3 Qa5 15. Qe2 Bc5 16. Bd2 Qa7 17. Rdc1 h6 18. Nh4 Bd4 19. Qf3 Nc5 20. Bc2 Nh7 21. Nf5 Bxf5 22. Qxf5 Re6 23. Rf1 Rf6 24. Qg4 Rg6 25. Qh4 Ng5 26. Qh5 Qa6 27. Kh1 Qxc4 28. f4 Bxc3 29. Bxc3 Ncxe4 30. Qh4 Ne6 31. Rfe1 Ng3+ 32. Kh2 f5 33. Rxe5 Nxf4 34. Rd1 Rg5 35. Bd3 Qb3 36. Rd2 Nxd3 37. Rxd3 Ne4 38. Qe1 Qc2 39. Qf1 Rf8 40. Rd7 Nxc3 41. bxc3 Qxc3 42. Ree7 Qg3+ 43. Kh1 b5 44. Rd3 Qh4 45. Rdd7 f4 46. Qf3 Qg3 47. Qe2 f3 0-1

[Event "Litomysl op 20th"]
[Site "Litomysl"]
[Date "2018.12.27"]
[Round "2"]
[White "Swicarz, Maciej"]
[Black "Getmanchuk, Andrei V"]
[Result "0-1"]
[WhiteElo "2331"]
[BlackElo "2140"]
[PlyCount "72"]
[EventDate "2018.12.26"]
[EventType "swiss"]
[EventRounds "9"]
[EventCountry "CZE"]
[SourceTitle "CBM 188 Extra"]
[Source "ChessBase"]
[SourceDate "2019.02.26"]
[SourceVersion "1"]
[SourceVersionDate "2019.02.26"]
[SourceQuality "1"]

1. e4 Nc6 2. Nf3 d6 3. d4 Nf6 4. Nc3 g6 5. h3 Bg7 6. Be3 0-0 7. Qd2 e5 8. 0-0-0 exd4 9. Nxd4 Nxd4 10. Bxd4 Be6 11. g4 c5 12. Be3 Qa5 13. a3 Rfd8 14. g5 Nd7 15. Nd5 Qa4 16. f3 b5 17. Nc7 b4 18. Qd3 c4 19. Qxd6 Bxb2+ 20. Kb1 Qxa3 21. Qa6 Qxe3 22. Nxa8 Rxa8 23. Bxc4 Nc5 24. Qa2 Bg7 25. Bxe6 Nxe6 26. Rd3 Qb6 27. Rhd1 a5 28. Qc4 a4 29. Rd6 Qb8 30. f4 b3 31. c3 a3 32. e5 Bf8 33. Rd7 a2+ 34. Kb2 Ba3+ 35. Ka1 b2+ 36. Kxa2 b1Q+ 0-1

[Event "RUS-Cup02"]
[Site "Moscow"]
[Date "1998.??.??"]
[Round "9"]
[White "Getmanchuk, Andrei V"]
[Black "Atalik, Ekaterina"]
[Result "1/2-1/2"]
[WhiteElo "2175"]
[BlackElo "2335"]
[PlyCount "93"]
[EventDate "1998.01.21"]
[EventType "swiss"]
[EventRounds "9"]
[EventCountry "RUS"]
[SourceTitle "EXT 1999"]
[Source "ChessBase"]
[SourceDate "1998.11.16"]
[SourceVersion "1"]
[SourceVersionDate "1998.11.16"]
[SourceQuality "1"]

1. d4 g6 2. e4 Bg7 3. c4 d6 4. Nc3 Nd7 5. f3 e5 6. d5 Ne7 7. Bd3 0-0 8. Bg5 f6 9. Be3 f5 10. Qd2 Nf6 11. h3 f4 12. Bf2 g5 13. Nge2 Ng6 14. c5 h5 15. 0-0-0 g4 16. cxd6 cxd6 17. Kb1 Nh7 18. Rc1 g3 19. Be1 Nh4 20. Ng1 Bd7 21. Rc2 Qb6 22. Bf1 Rac8 23. Nge2 Bf6 24. Nc1 Ng5 25. Qd3 Kf7 26. Nb3 Rg8 27. Nd1 a6 28. Rxc8 Rxc8 29. Nc3 Ngxf3 30. gxf3 g2 31. Bxg2 Nxg2 32. Qe2 Nxe1 33. Qxe1 Rg8 34. Qf1 Ke7 35. Nd2 Qe3 36. Nc4 Qd4 37. Na3 b5 38. Nc2 Qc5 39. a3 a5 40. Na2 Rg3 41. Nc1 Qc8 42. h4 Qc4 43. Ne2 Rg8 44. Qf2 Qc5 45. Qxc5 dxc5 46. b4 Kd6 47. bxa5 1/2-1/2

[Event "Moscow Petrosian Memorial U18"]
[Site "Moscow"]
[Date "1998.??.??"]
[Round "?"]
[White "Getmanchuk, Andrei V"]
[Black "Egorov, Dmitry Petrovich"]
[Result "0-1"]
[WhiteElo "2175"]
[BlackElo "2235"]
[PlyCount "36"]
[EventDate "1998.??.??"]
[EventType "swiss"]
[EventRounds "9"]
[EventCountry "RUS"]
[SourceTitle "EXT 1999"]
[Source "ChessBase"]
[SourceDate "1998.11.16"]
[SourceVersion "1"]
[SourceVersionDate "1998.11.16"]
[SourceQuality "1"]

1. e4 c5 2. Nf3 Nc6 3. Bb5 g6 4. c3 Bg7 5. 0-0 e5 6. d4 cxd4 7. cxd4 exd4 8. Bf4 Nge7 9. Bd6 0-0 10. Nbd2 a6 11. Bc4 b5 12. Bd5 Bb7 13. Nb3 h6 14. Nc5 Ra7 15. Nxb7 Rxb7 16. Ne5 Bxe5 17. Bxe5 Nxd5 18. Bd6 Nde7 0-1

[Event "Moscow Petrosian Memorial U18"]
[Site "Moscow"]
[Date "1998.??.??"]
[Round "?"]
[White "Getmanchuk, Andrei V"]
[Black "Iochis, Daniil"]
[Result "1/2-1/2"]
[WhiteElo "2175"]
[BlackElo "2205"]
[PlyCount "32"]
[EventDate "1998.??.??"]
[EventType "swiss"]
[EventRounds "9"]
[EventCountry "RUS"]
[SourceTitle "EXT 1999"]
[Source "ChessBase"]
[SourceDate "1998.11.16"]
[SourceVersion "1"]
[SourceVersionDate "1998.11.16"]
[SourceQuality "1"]

1. e4 e6 2. d4 d5 3. Nd2 Nf6 4. e5 Nfd7 5. f4 c5 6. c3 Qb6 7. Ndf3 Nc6 8. Ne2 cxd4 9. cxd4 f5 10. Ng5 Nd8 11. Nc3 Nf7 12. Nxf7 Kxf7 13. Be2 Nb8 14. Rb1 Bd7 15. Be3 a6 16. Kf2 Bb5 1/2-1/2

[Event "RUS-Cup02"]
[Site "Moscow"]
[Date "1998.??.??"]
[Round "5"]
[White "Getmanchuk, Andrei V"]
[Black "Krivonogov, Alexander"]
[Result "0-1"]
[WhiteElo "2175"]
[BlackElo "2315"]
[PlyCount "56"]
[EventDate "1998.01.21"]
[EventType "swiss"]
[EventRounds "9"]
[EventCountry "RUS"]
[SourceTitle "CBM 063"]
[Source "ChessBase"]
[SourceDate "1998.03.26"]
[SourceVersion "1"]
[SourceVersionDate "1998.03.26"]
[SourceQuality "1"]

1. d4 Nf6 2. c4 g6 3. Nc3 d5 4. cxd5 Nxd5 5. e4 Nxc3 6. bxc3 Bg7 7. Bc4 c5 8. Ne2 0-0 9. 0-0 Nc6 10. Be3 cxd4 11. cxd4 Bg4 12. f3 Na5 13. Bd3 Be6 14. Qa4 a6 15. d5 b5 16. Qb4 Bxa1 17. Rxa1 f6 18. a4 Nc6 19. Qd2 Ne5 20. axb5 axb5 21. Rxa8 Qxa8 22. dxe6 Rd8 23. Nd4 Qa1+ 24. Bf1 Nc4 25. Nb3 Nxd2 26. Nxa1 Nxf1 27. Kf2 Nxe3 28. Kxe3 Rd6 0-1

[Event "Le Touquet op 13th"]
[Site "Le Touquet"]
[Date "1998.??.??"]
[Round "5"]
[White "Mancini, Mario"]
[Black "Getmanchuk, Andrei V"]
[Result "1-0"]
[WhiteElo "2320"]
[BlackElo "2175"]
[PlyCount "130"]
[EventDate "1998.10.??"]
[EventType "swiss"]
[EventRounds "7"]
[EventCountry "FRA"]
[SourceTitle "EXT 2000"]
[Source "ChessBase"]
[SourceDate "1999.11.16"]
[SourceVersion "1"]
[SourceVersionDate "1999.11.16"]
[SourceQuality "1"]

1. d4 d5 2. c4 c6 3. Nf3 Nf6 4. Nc3 e6 5. Qb3 Nbd7 6. Bg5 Be7 7. e3 0-0 8. Rd1 a6 9. Bd3 dxc4 10. Bxc4 b5 11. Be2 Qb6 12. 0-0 Bb7 13. Ne5 Bd6 14. Nxd7 Nxd7 15. Ne4 Qc7 16. Nxd6 Qxd6 17. Bf4 Qd5 18. Qa3 a5 19. Bf3 b4 20. Qa4 Nb6 21. Qb3 Qb5 22. Rc1 a4 23. Qd1 Nd5 24. Rc5 Qb6 25. Bg3 a3 26. Bxd5 cxd5 27. Bc7 Qa7 28. b3 Ba6 29. Re1 Rfc8 30. Qc2 Bd3 31. Qxd3 Rxc7 32. Rec1 Rxc5 33. Rxc5 g6 34. Qc2 Rb8 35. Rc7 Qb6 36. h4 h5 37. g3 Kg7 38. Rc5 Rb7 39. e4 dxe4 40. Qxe4 Rb8 41. Qe5+ Kg8 42. Rc7 Rd8 43. Qf4 Rf8 44. Rc4 Rd8 45. Qd2 Rb8 46. Qg5 Qd6 47. Qc5 Qb6 48. Qxb6 Rxb6 49. Kf1 Kf8 50. Ke2 Ke7 51. Kd3 Kd6 52. Rc5 f6 53. Kc4 e5 54. f3 Rb7 55. d5 Rb6 56. Rc8 f5 57. Rg8 Ke7 58. Kc5 Ra6 59. Rb8 Ra5+ 60. Kc4 Ra7 61. Rc8 Rd7 62. Kc5 f4 63. gxf4 exf4 64. Rc6 Kf7 65. Re6 Rc7+ 1-0

[Event "Moscow Petrosian Memorial U18"]
[Site "Moscow"]
[Date "1998.??.??"]
[Round "?"]
[White "Uchitel, Stas"]
[Black "Getmanchuk, Andrei V"]
[Result "1-0"]
[WhiteElo "2120"]
[BlackElo "2175"]
[PlyCount "61"]
[EventDate "1998.??.??"]
[EventType "swiss"]
[EventRounds "9"]
[EventCountry "RUS"]
[SourceTitle "EXT 1999"]
[Source "ChessBase"]
[SourceDate "1998.11.16"]
[SourceVersion "1"]
[SourceVersionDate "1998.11.16"]
[SourceQuality "1"]

1. d4 e6 2. c4 f5 3. Nf3 Nf6 4. g3 d5 5. Bg2 c6 6. 0-0 Bd6 7. b3 Qe7 8. Bb2 0-0 9. Nbd2 b6 10. Rc1 Bb7 11. Qc2 Na6 12. e3 Rac8 13. Qb1 c5 14. dxc5 Nxc5 15. Nd4 a6 16. cxd5 Bxd5 17. Nxf5 exf5 18. Bxf6 Qb7 19. Bxd5+ Qxd5 20. Bd4 Ne6 21. Rxc8 Rxc8 22. h4 Nxd4 23. exd4 Qxd4 24. Qxf5 Rf8 25. Qe6+ Kh8 26. Ne4 Bc5 27. h5 Qc3 28. Nxc5 bxc5 29. h6 gxh6 30. Qe5+ Kg8 31. Qxc5 1-0

[Event "Yalta op"]
[Site "Yalta"]
[Date "1996.??.??"]
[Round "9"]
[White "Arzumanian, Georgy"]
[Black "Getmanchuk, Andrei V"]
[Result "1/2-1/2"]
[WhiteElo "2330"]
[BlackElo "2155"]
[PlyCount "29"]
[EventDate "1996.??.??"]
[EventType "swiss"]
[EventRounds "11"]
[EventCountry "UKR"]
[SourceTitle "EXT 1998"]
[Source "ChessBase"]
[SourceDate "1997.11.17"]
[SourceVersion "1"]
[SourceVersionDate "1997.11.17"]
[SourceQuality "1"]

1. e4 e6 2. d4 d5 3. Nd2 dxe4 4. Nxe4 Bd7 5. Bd3 Bc6 6. Nf3 Nd7 7. 0-0 Ngf6 8. Qe2 Nxe4 9. Bxe4 Bxe4 10. Qxe4 c6 11. c4 Nf6 12. Qe2 Be7 13. b3 0-0 14. Bb2 Qc7 15. Rad1 1/2-1/2

[Event "RUS-Cup2"]
[Site "Moscow"]
[Date "1996.??.??"]
[Round "6"]
[White "Krivonogov, Alexander"]
[Black "Getmanchuk, Andrei V"]
[Result "1-0"]
[WhiteElo "2310"]
[BlackElo "2155"]
[PlyCount "73"]
[EventDate "1996.11.28"]
[EventType "swiss"]
[EventRounds "9"]
[EventCountry "RUS"]
[SourceTitle "CBM 056 Extra"]
[Source "ChessBase"]
[SourceDate "1997.03.01"]
[SourceVersion "1"]
[SourceVersionDate "1997.03.01"]
[SourceQuality "1"]

1. Nf3 d5 2. d4 Nf6 3. c4 c6 4. g3 dxc4 5. Bg2 Nbd7 6. 0-0 g6 7. Na3 c3 8. bxc3 Bg7 9. Nc4 0-0 10. a4 Re8 11. a5 Nd5 12. Qb3 Nc7 13. Bf4 h6 14. Nfe5 Nxe5 15. Nxe5 Bxe5 16. Bxe5 a6 17. Rfd1 e6 18. c4 f6 19. Bf4 g5 20. Bd2 Kg7 21. Bc3 Qe7 22. Rac1 Rd8 23. Bb4 Qf7 24. e4 Ne8 25. Bc5 Bd7 26. e5 Rac8 27. Qe3 f5 28. Rb1 Rb8 29. Rb3 f4 30. Qe4 Kh8 31. gxf4 gxf4 32. Rh3 h5 33. Bf3 Ng7 34. Kh1 Rg8 35. Rg1 Be8 36. Rg5 Rd8 37. Qe2 1-0